header

Confronting the coffee crisis (Record no. 123994)

MARC details
000 -LEADER
fixed length control field 01558nam a2200361Ia 4500
082 04 - DEWEY DECIMAL CLASSIFICATION NUMBER
Classification number 338.1/73730972
245 00 - TITLE STATEMENT
Title Confronting the coffee crisis
260 ## - PUBLICATION, DISTRIBUTION, ETC. (IMPRINT)
Place of publication Cambridge, MA :
Name of publisher MIT Press,
Year of publication c2008.
300 ## - PHYSICAL DESCRIPTION
Number of Pages xii, 390 p.
490 1# - SERIES STATEMENT
Series statement Food, health, and the environment series
650 #0 - SUBJECT ADDED ENTRY--TOPICAL TERM
Topical Term Coffee industry
Topical Term Coffee industry
Topical Term Coffee industry
Topical Term Coffee industry
700 1# - ADDED ENTRY--PERSONAL NAME
Personal name Bacon, Christopher M.
856 40 - ELECTRONIC LOCATION AND ACCESS
Uniform Resource Identifier http://site.ebrary.com/lib/rucke/Doc?id=10209883

No items available.

© 2026 Rongo University
Contact us: librarian | system librarian | Rongo university